00690nam a22002297a 4500003000500000008004100005020001800046040001400064041001300078082001700091100002300108245002800131250002800159260003000187300003100217336002700248337003300275338002900308650004800337650004200385650003300427BPGM260317b1987 mx aaaagr|||| 001 1 spa d a968-29-1613-5 aBPGMbspa aspahspa04b792.04/ N86/ aNÚÑEZ NICOLAS  aTEATRO ANTROPOCÓSMICO aPRIMERA EDICIÓNb1987 aMÉXICObFORO 2000c1987 a173 PAGINASc13 cm x 21 cm 2rdacontentatextobtxt 2rdamediaasin mediaciónbn 2rdacarrieravolumen bnc aLAS ARTES, BELLAS ARTES Y ARTES DECORATIVAS aARTES RECREATIVAS Y DE LA ACTUACIÓN aPRESENTACIONESES ESCÉNICAS